000 00422nam a2200169 a 4500
001 0000-9378
003 ELIB.Books
008 110520 0000
035 _a(ELIB.Books)0000-9530
082 _a248
_bSmi
100 _aSmith, Chuck
245 _aWhy Grace Changes Everything
260 _bMilton Keynes; Word Books
_c0
650 _aChristian Life
942 _2ddc
_cBK
998 _cbat
_e2011-05-20
999 _c9378
_d9378